000 00602nam a2200193 a 4500
001 18375
003 CO-ViMGA
008 141112s2004 ck r 000 u spa d
020 _a9275115486
040 _aCO-ViMGA
_bspa
_cCO-ViMGA
082 0 4 _a616.921 O741d
100 1 _aOrganización PanAméricana de la salud,
_926152
245 1 0 _aDengue y dengue hemorrágico en las Américas . Guías para su prevención y control
260 _aWashington,
_cOPS,
_c2002
300 _a109.p.
590 _aForma de adquisición : Premio - Mincultura
650 1 4 _aDENGUE - PREVENCION
_926153
942 _2ddc
_cBK
999 _c27677
_d27677